000 00435nam a22001697a 4500
003 NUST - PNEC
005 20170116181124.0
008 151005b xxu||||| |||| 00| 0 eng d
020 _a-
040 _cLIBRARY
082 _a910.09 ARM
100 _913613
_aArmstrong, Richard
245 _aThe discoverers.
_cRichard Armstrong
260 _cc.1968
650 _913614
_aDiscoveries in geography
_xGeneral books
942 _2ddc
_cBK
999 _c69680
_d69680